000 02310naa a2200337 4500
005 20090523160348.0
008 090523t xxu||||| |||| 00| 0 eng d
010 _aENG-93683
020 _a8176482013
_c700.00
035 _aEN-77216
035 _aB-359583-538
037 _bDBAD / PUB
037 _bAPH Pub.
040 _adpl
_bEnglish
082 _a333.7091724
100 _aGhosh, Asish
245 _aEnvironment and development /
_cby Asish Ghosh
260 _aNew Delhi
_bAPH Publishing
_c2009
270 _a4435/36-7, Ansari Road, Daryaganj
_bNew Delhi
_e110 002
_k23274050
_maphbooks@vsnl.net
300 _aviii, 286p.
_c21cm(Hb)
500 _aIncludes index
942 _adpl
_cEN
_2ddc
_h333.7091724
_mGHO
999 _c26739
_d26739